Score 0/50 Timer 05:00
0 Plays Today
% Correct
24
65.2%
Game of Thrones
60.9%
Big Bang Theory
34.8%
Pretty Little Liars
32.6%
Chuck
28.3%
Monk
26.1%
Hannibal
21.7%
Teen Wolf
19.6%
Breaking Bad
17.4%
The League
15.2%
Bones
15.2%
Dollhouse
13%
2 Broke Girls
13%
Vampire Diaries
13%
New Girl
13%
Scrubs
10.9%
Lost
10.9%
Bates Motel
10.9%
Workaholics
10.9%
The Mentalist
10.9%
The Office
8.7%
Ghost Whisperer
8.7%
Smallville
8.7%
Hannah Montana
8.7%
Eastbound & Down
8.7%
% Correct
Degrassi: The Next Generation
8.7%
Two and a Half Men
8.7%
Parks and Recreation
6.5%
Heroes
6.5%
How I Met Your Mother
6.5%
Key and Peele
6.5%
Grimm
6.5%
Duck Dynasty
6.5%
Covert Affairs
6.5%
Nashville
6.5%
House of Cards
6.5%
Cold Case
4.3%
Glee
4.3%
Friday Night Lights
4.3%
Medium
4.3%
Californication
4.3%
Psych
4.3%
Under the Dome
4.3%
Mad Men
4.3%
Rescue Me
2.2%
True Blood
2.2%
Sleepy Hollow
2.2%
Prison Break
2.2%
Sons of Anarchy
2.2%
White Collar
2.2%

You're not logged in!

Compare scores with friends on all Sporcle quizzes.
OR
Log In

Sporcle TV

Today on Sporcle TV


Watch our educational content, quiz creation guides, and fun videos on Sporcle TV.

Show Comments

Extras

Top Quizzes Today


Score Distribution

Paid Content

Your Account Isn't Verified!

In order to create a playlist on Sporcle, you need to verify the email address you used during registration. Go to your Sporcle Settings to finish the process.

Report this User

Report this user for behavior that violates our Community Guidelines.

Details: